Logo BPK

Biblioteka

Politechniki Koszalińskiej

Functonal-differential systems and related topics III : (Rekord nr 28308)

Szczegóły MARC
000 -ETYKIETA REKORDU
podpole kontrolne o stałej długości 00550nam a2200145 i 4500
001 - NUMER KONTROLNY REKORDU
pole kontrolne bg
040 ## - ŹRÓDŁO KATALOGOWANIA
Instytucja, która utworzyła rekord BPK
041 ## - KOD JĘZYKA
Kod języka tekstu pol
080 ## - UNIWERSALNA KLASYFIKACJA DZIESIĘTNA - UKD
UKD 517(061.3)
008 - POLE O STAŁEJ DŁUGOŚCI - DANE KONTROLNE
podpole kontrolne o stałej długości s pl f |000 0 pol
245 #0 - TYTUŁ/ODPOWIEDZIALNOŚĆ
Tytuł Functonal-differential systems and related topics III :
Ciąg dalszy tytułu proceedings of the Ihird International Conference held at Błażejewko, Poland May 22-29, 1983 /
Pozostałe elementy strefy tytułu i oznaczenia odpowiedzialności edit. by Michał Kisielewicz ; The Higher College of Engineeering in Zielona Góra.
260 ## - STREFA ADRESU WYDAWNICZEGO
Miejsce wydania Zielona Góra :
Nazwa wydawcy/dystrybutora HCE,
Data publikacji, dystrybucji/powstania dokumentu 1983.
300 ## - STREFA OPISU FIZYCZNEGO
Objętość 266 s. :
Inne cechy fizyczne rys. ;
Rozmiary 24 cm.
856 ## - LOKALIZACJA I DOSTĘP DO ELEKTRONICZNYCH DOKUMENTÓW ZDALNYCH
Link (URL) http://koha.tu.koszalin.pl/cgi-bin/koha/opac-detail.pl?biblionumber=28308
Tekst linku Katalog online BPK
942 ## - DODATKOWE ELEMENTY (KOHA)
Typ dokumentu Książka
Egzemplarze
Wycofany Status egzemplarza Uszkodzony Dostępność Lokalizacja stała Lokalizacja bieżąca Miejsce przechowywania Sygnatura Kod kreskowy Typ dokumentu
      Dostępny Biblioteka Politechniki Koszalińskiej Biblioteka Politechniki Koszalińskiej Wypożyczalnia BG 32787 01577808 Książka
© 2023 Biblioteka Politechniki Koszalińskiej :: KOHA